|
|
|
|
| LEADER |
00000cam a2200000 i 4500 |
| 001 |
1/70263 |
| 008 |
960229s1983 gr | ||| |||| ||gre|| |
| 035 |
|
|
|a 1989
|b 2
|c Δωρεά
|l 10030594
|
| 035 |
|
|
|a 1998
|b 1
|c ΚΠΣ/ΔΕ
|
| 040 |
|
|
|a GR-MY-UA
|b gre
|e aacr
|
| 041 |
0 |
|
|a gre
|
| 082 |
0 |
|
|a 889.1
|
| 100 |
1 |
|
|a Γιατρομανωλάκης, Γιώργης Ν.,
|d 1940-
|
| 245 |
1 |
0 |
|a Ανδρέας Εμπειρίκος :
|b ο ποιητής του έρωτα και του νόστου /
|c Γιώργος Γιατρομανωλάκης
|
| 260 |
|
|
|a Αθήνα :
|b Κέδρος,
|c 1983
|
| 300 |
|
|
|a 216 σ.
|
| 600 |
1 |
0 |
|a Εμπειρίκος, Ανδρέας,
|d 1901-1975.
|
| 650 |
0 |
0 |
|a Greek poetry, Modern
|x History and criticism.
|
| 852 |
|
|
|a INST
|b RHODES
|e 19960229
|h 889.1 ΓΙΑ
|p 005400002934
|q 005400002934
|t BK
|y 0
|
| 852 |
|
|
|a INST
|b RHODES
|e 19980526
|h 889.1 ΓΙΑ
|p 005400006569
|q 005400006569
|t BK
|y 0
|
| 909 |
|
|
|a Ρ
|b 014603
|c 1989
|
| 909 |
|
|
|a Ρ
|b 052999
|c 1998
|